Score 0/22 Timer 04:00
0 Plays Today
Model Answer % Correct
Gisele B√ľndchenDevil
97%
Estella WarrenApes
96.6%
Agyness DeynTitans
94%
Elle MacphersonBatman
91.6%
Analeigh TiptonCrazy
88.6%
Milla JovovichFifth
82.2%
Christie BrinkleyVacation
81.2%
Kelly BrookItalian
79.2%
Tyra BanksCoyote
74.6%
Heidi KlumElla
73.7%
Brooklyn DeckerWith
72.4%
Model Answer % Correct
Kelly LeBrockWeird
70.8%
Famke JanssenStand
69.1%
Jaime KingSin
62.7%
Rosie Huntington-WhiteleyDark
60.1%
Gemma WardStranger
59.9%
TwiggyBlues
55.8%
Kathy IrelandSave
51.9%
Cindy CrawfordGame
46.2%
Lily ColeImaginarium
33.6%
Eva HerzigovaAngels
31.1%
Liya KebedeLord
21.1%

Today's Daily Dose

Missing Word
'T' Pairs

Word Ladder
Game Pieces

Get the Picture
Baseball Movies

Remove Ads.
Support Sporcle.
Get the best of Sporcle when you Go Orange. This ad-free experience offers more features, more stats, and more fun while also helping to support Sporcle. Thank you for becoming a member.

You're not logged in!

Compare scores with friends on all Sporcle quizzes.
OR
Log In

Show Comments

Extras

Top Quizzes Today


Score Distribution

Your Account Isn't Verified!

In order to create a playlist on Sporcle, you need to verify the email address you used during registration. Go to your Sporcle Settings to finish the process.

Report this User

Report this user for behavior that violates our Community Guidelines.

Details: